[Event "Oslo Stjernens op"]
[Site "Oslo"]
[Date "2016.06.05"]
[Round "5"]
[White "Loveid, Erik"]
[Black "Hartvig, Halvor H"]
[Result "1-0"]
[WhiteElo "1487"]
[BlackElo "1748"]
[PlyCount "79"]
[EventDate "2016.06.05"]
[EventType "swiss"]
[EventRounds "6"]
[EventCountry "NOR"]
[SourceTitle "CBM 173 Extra"]
[Source "ChessBase"]
[SourceDate "2016.08.29"]
[SourceVersion "1"]
[SourceVersionDate "2016.08.29"]
[SourceQuality "1"]

1. Nc3 c5 2. g4 d5 3. Bg2 e6 4. d3 Bd7 5. e4 Bc6 6. Bf4 Bd6 7. e5 Bc7 8. Bg3 Ne7 9. f4 0-0 10. Nf3 b5 11. d4 b4 12. Ne2 c4 13. c3 a5 14. Qc2 g6 15. h4 f6 16. h5 f5 17. g5 Be8 18. hxg6 Bxg6 19. Kf2 Kg7 20. Rh2 Rh8 21. Rah1 Nbc6 22. Kf1 a4 23. Be1 b3 24. axb3 axb3 25. Qd2 Ra1 26. Ng3 Ng8 27. Nh4 Nce7 28. Nxg6 Nxg6 29. Nh5+ Kf8 30. Nf6 Nxf6 31. gxf6 Qd7 32. Ke2 Bb6 33. Bh4 Rxh1 34. Rxh1 Qa7 35. Bg5 Bd8 36. Bh6+ Kf7 37. Bg7 Rg8 38. Rxh7 Ke8 39. f7+ Kxf7 40. Bh6+ 1-0